Báo cáo tóm tắt: Hội nghị cải thiện giống lúa ở Đồng Bằng Sông Cữu Long đến năm 2000 (Ô Môn, 1 tháng 10 năm 1999)

Uloženo v:
Podrobná bibliografie
Médium: Kniha
Jazyk:Undetermined
Vydáno: Cần Thơ Viện Lúa Ô Môn 1999
Témata:
Tagy: Přidat tag
Žádné tagy, Buďte první, kdo otaguje tento záznam!
Thư viện lưu trữ: Trung tâm Học liệu Trường Đại học Cần Thơ
LEADER 00625nam a2200157Ia 4500
001 CTU_36078
008 210402s9999 xx 000 0 und d
082 |a 633.18 
082 |b B108 
245 0 |a Báo cáo tóm tắt: Hội nghị cải thiện giống lúa ở Đồng Bằng Sông Cữu Long đến năm 2000 (Ô Môn, 1 tháng 10 năm 1999) 
260 |a Cần Thơ 
260 |b Viện Lúa Ô Môn 
260 |c 1999 
650 |a rice - breeding,rice - collection and preservation,rice - varieties 
904 |i Minh, 000411 
980 |a Trung tâm Học liệu Trường Đại học Cần Thơ